000 00726nam a22002057a 4500
999 _c8205
_d8205
003 GBCCL
005 20241126110645.0
008 190715b ||||| |||| 00| 0 eng d
040 _cgbc
082 _a226.207
_bMAC
100 _aMacArthur, John
_98028
245 _aChrist and the law :
_bstudy notes ; Matthew 5:17-20
260 _aPanorama City, CA :
_bWord of Grace Communications,
_c1983
300 _a81 pages ; 22 cm
500 _aThese study notes are taken from messages delivered at Grace Community Church, Panorama City, CA.
650 _aBible. -- Matthew VII, 7-20 -- Study and teaching.
_914278
650 _aSermon on the mount.
_911870
650 _aJesus Christ -- Teachings.
_912639
942 _2ddc
_cBK